| 000 | 01099nam a2200277 a 4500 | ||
|---|---|---|---|
| 005 | 20140725152518.0 | ||
| 008 | 120229s2008 ck ab gr 00010dspa d | ||
| 015 | _ack-2008-xxxx | ||
| 020 | _a9789586982108 | ||
| 041 | 0 |
_aspa _aeng |
|
| 082 | 0 | 4 |
_a615.321 _bM15a2 |
| 242 | _aManual de estrategias para aislamiento de productos naturales bioactivos = | ||
| 245 | 0 | 0 |
_aHandbook of strategies for the isolation of bioactive natural products / _cpor Kurt Hostettmann ... [et al.] ; editor Mahabir P. Gupta ; traducción Olga Lucía Mutis de Serna. |
| 260 |
_aBogotá _bCYTED : _bConvenio Andrés Bello, _c2008. |
||
| 300 |
_a114 y 120 p. : _bil., mapas ; _c24 cm. |
||
| 504 | _aIncluye referencias bibliográficas | ||
| 546 | _aTextos en español e inglés. | ||
| 650 |
_aPlantas medicinales. _925108 |
||
| 650 |
_aBotánica médica. _925109 |
||
| 650 | 4 |
_aNaturalismo. _925110 |
|
| 650 |
_aExtractos vegetales. _918764 |
||
| 700 | 1 |
_aHostettmann, Kurt. _925111 |
|
| 700 | 1 |
_aGupta, Mahabir P., _eed. _913082 |
|
| 700 | 1 |
_aMutis de Serna, Olga Lucía, _etr. _925112 |
|
| 942 |
_2ddc _cLIBRO |
||
| 999 |
_c8564 _d8564 |
||